Fisiología endócrina y de la reproducción. (Registro nro. 880)

Detalles MARC
000 -LEADER
fixed length control field 01350 am a2200361 a 4500
005 - FECHA ULTIMA MODIFICACION
control field 20240222121126.0
008 - CAMPO DE CONTROL (LIBRO)
fixed length control field 100415s2005||||ag a f |||| 000 0 spa d
020 ## - INTERNATIONAL STANDARD BOOK NUMBER
ISBN S/N
041 ## - CODIGO DE IDIOMA
Código de idioma del texto/pista de sonido o título separado spa
092 ## - SIGNATURA TOPOGRAFICA DEWEY LOCAL
número de clasificación 612.4
libristica 53
sección MOG
100 1# - ENTRADA PRINCIPAL--NOMBRE PERSONAL
Nombre personal Moguilevsky, Jaime A.
9 (RLIN) 243
245 ## - TITULO PROPIAMENTE DICHO
Título Fisiología endócrina y de la reproducción.
Subtítulo y Título paralelo Introducción a la psicoinmunoneuroendocrinología /
Mención de responsabilidad y remanente de la transcripción de la portada Jaime A. Moguilevsky
250 ## - MENCION DE EDICION
Mención de edición 1a ed. reimp.
260 ## - PIE DE IMPRENTA
Lugar de publicación, distribución, etc Buenos Aires:
Nombre de la editorial, distribuidor, etc Edición del Autor;
Fecha de publicación 2005.
300 ## - DESCRIPCION FISICA
Extension 267 p.
Otros detalles físicos il.
500 ## - NOTA GENERAL
Nota general Moguilevsky, J. (2005). Fisiología endócrina y de la reproducción. Introducción a la psicoinmunoneuroendocrinología. (1a ed.). Buenos Aires : Edición del Autor.
653 ## - TÉRMINO INDIZADO - PALABRAS CLAVES
Palabra clave Principios generales de la fisiología endocrina
653 ## - TÉRMINO INDIZADO - PALABRAS CLAVES
Palabra clave Introducción a la biología molecular
653 ## - TÉRMINO INDIZADO - PALABRAS CLAVES
Palabra clave Unidad hipotálamo hipofisaria
653 ## - TÉRMINO INDIZADO - PALABRAS CLAVES
Palabra clave Glándula tiroides
653 ## - TÉRMINO INDIZADO - PALABRAS CLAVES
Palabra clave Metabolismo fosfocalcico
653 ## - TÉRMINO INDIZADO - PALABRAS CLAVES
Palabra clave Glándula suprarrenal
653 ## - TÉRMINO INDIZADO - PALABRAS CLAVES
Palabra clave Páncreas endócrino
653 ## - TÉRMINO INDIZADO - PALABRAS CLAVES
Palabra clave Factores de crecimiento
653 ## - TÉRMINO INDIZADO - PALABRAS CLAVES
Palabra clave Diferenciación sexual
653 ## - TÉRMINO INDIZADO - PALABRAS CLAVES
Palabra clave Reproducción femenina
653 ## - TÉRMINO INDIZADO - PALABRAS CLAVES
Palabra clave Reproducción masculina
653 ## - TÉRMINO INDIZADO - PALABRAS CLAVES
Palabra clave Endocrinología del embarazo
653 ## - TÉRMINO INDIZADO - PALABRAS CLAVES
Palabra clave Neuroinmunoendocrinología
653 ## - TÉRMINO INDIZADO - PALABRAS CLAVES
Palabra clave Integración psiconeuroendocrinológica
930 ## - NUMERO DE INVENTARIO
Número de inventario 1323
942 ## - ADDED ENTRY ELEMENTS (KOHA)
Source of classification or shelving scheme Dewey Decimal Classification
Item type Libros
Existencias
Estado de retiro Existencia Fuente de clasificación Estado general No para prestamo Colección Ubicación permanente ubicación actual Sala de ubicación Fecha de adquisición Total Checkouts Número de clasificación Código de barras Date last seen Número de ejemplar Price effective from Koha tipo de elemento (item) Public note
    Dewey Decimal Classification     Reference Biblioteca Medicina Biblioteca Medicina Referencia 26/07/2011   612.4 53 MOG 1323 06/11/2014 ej.2 26/07/2011 Reference LIBRO DE CONSULTA

UNIVERSIDAD NACIONAL DEL COMAHUE
Biblioteca de la Facultad de Ciencias Médicas
Sede Toschi: Los Arrayanes y Av. Toschi, Cipolletti  - Rio Negro
Sede Los Tordos:  Yrigoyen al 2211, Cipolletti - Rio Negro 

Teléfono: 0299 - 4774707 int 25
Contacto: biblioteca@facimed.uncoma.edu.ar
© 2011 - 2026